000
00380nam a22001697a 4500
003
MPLRDC
005
20220104144308.0
008
210129b ||||| |||| 00| 0 eng d
082
_a
859.6 ZZY
100
_a
陈仲义
245
_a
金牛号事件
_c
250
_a
初版
260
_a
_b
福建人民出版社
_c
1979
300
_b
平
650
_a
942
_c
BK
_o
859.6 ZZY
999
_c
48227
_d
48217